Central Library OPAC University of Rajshahi

Mystic tales of Lāmā Tārānātha : (Record no. 32945)

MARC details
000 -LEADER
fixed length control field 01009cam a22002652 4500
001 - CONTROL NUMBER
control field 32945
003 - CONTROL NUMBER IDENTIFIER
rucl marc code BD-RjUL
005 - DATE AND TIME OF LATEST TRANSACTION
control field 20211209051923.0
008 - FIXED-LENGTH DATA ELEMENTS--GENERAL INFORMATION
fixed length control field 140429r19571944ii 001 0 eng d
035 ## - SYSTEM CONTROL NUMBER
System control number (BD-RjUL)33035
040 ## - CATALOGING SOURCE
Original cataloging agency OBE
Transcribing agency OBE
Modifying agency EQO
-- BD-RjUL
Language of cataloging eng
041 1# - LANGUAGE CODE
Language code of text/sound track or separate title enggertib
082 04 - DEWEY DECIMAL CLASSIFICATION NUMBER
Classification number 294.32
Author mark and year TAM 1957
090 ## - LOCALLY ASSIGNED LC-TYPE CALL NUMBER (OCLC); LOCAL CALL NUMBER (OCLC)
Classification number (OCLC) (R) ; Classification number, CALL (RLIN) (NR) BQ7370
Local cutter number (OCLC) ; Book number/undivided call number, CALL (RLIN) .T3713
100 0# - MAIN ENTRY--PERSONAL NAME
Personal name Tāranātha,
Dates associated with a name 1575-
9 (RLIN) 100132
245 10 - TITLE STATEMENT
Title Mystic tales of Lāmā Tārānātha :
Remainder of title a religio-sociological history of Mahāyāna Buddhism /
Statement of responsibility, etc. by Lāmā Tārānātha. Translated into English by Bhupendranath Datta.
260 ## - PUBLICATION, DISTRIBUTION, ETC. (IMPRINT)
Place of publication, distribution, etc. Calcutta :
Name of publisher, distributor, etc. Ramakrishna Vedanta Math,
Date of publication, distribution, etc. 1944 [Reprint 1957 ].
300 ## - PHYSICAL DESCRIPTION
Pagination xv, 128 p. :
Illustrations ill. ;
Size 23cm.
500 ## - GENERAL NOTE
General note Translated from Albert Grünwedel's German translation (titled, Edelsteinmine) of the original Tibetan work.
504 ## - BIBLIOGRAPHY, ETC. NOTE
Bibliography, etc Includes index.
650 #0 - SUBJECT ADDED ENTRY--TOPICAL TERM
Topical term or geographic name as entry element Mahayana Buddhism.
9 (RLIN) 100133
Topical term or geographic name as entry element Buddhism.
9 (RLIN) 100134
700 1# - ADDED ENTRY--PERSONAL NAME
Personal name Datta, Bhupendranātha.
942 ## - ADDED ENTRY ELEMENTS (KOHA)
Source of classification or shelving scheme Dewey Decimal Classification
Koha item type Books
Holdings
Lost status Source of classification or shelving scheme Damaged status Not for loan Collection code Permanent Location Current Location Shelving location Date acquired Source of acquisition Cost, normal purchase price Total Checkouts Full call number Date last seen Copy number Koha item type
  Dewey Decimal Classification   Not For Loan Non-fiction Central Library, University of Rajshahi Central Library, University of Rajshahi Reading Room 01/06/1964 zeithinger 18.00   294.32 TAM 1957 29/04/2014 C-1 Books